000 00489nam a2200169Ia 4500
999 _c7030
_d7030
003 OSt
005 20200811150729.0
008 190216s9999||||xx |||||||||||||| ||und||
040 _coclc
082 _a519.5
_bGIR/I
100 _aGirija, M
_93975
245 0 _aIntroduction To Statistics /
_cM Girija ; L Sasikala ; V Girija
260 _bVrinda Publications,
_aDelhi:
_c2004.
300 _a350p
650 _aCommerce
942 _cBK
_2ddc
_h519.5
_iGIR/I
_k519.5
_mGIR/I